000 00332pab a2200145 454500
008 180718b1986 xxu||||| |||| 00| 0 eng d
100 _aDery, David
245 _aKnowledge and organisations
260 _c1986
300 _a14-25
362 _aAug.
650 _aOrganisation
773 _aPolicy Studies Review
909 _a14479
999 _c14479
_d14479